Catàleg del Col·legi de Periodistes de Catalunya

Psicología de la comunicación (Registre núm. 3269)

000 -CABECERA
Longitud fija campo de control 00568nam a2200193 a 4500
001 - NÚMERO DE CONTROL
Número de control 3269
003 - IDENTIFICADOR DEL NÚMERO DE CONTROL
Identificador del número de control CDMR
005 - FECHA Y HORA DE LA ÚLTIMA TRANSACCIÓN
Fecha y hora de la última transacción 20131204165225.0
008 - CÓDIGOS DE INFORMACIÓN DE LONGITUD FIJA
Códigos de información de longitud fija 130130s1970||||||||||||||||||||||||||||d
040 ## - FUENTE DE LA CATALOGACIÓN
Centro catalogador de origen CDMR
Lengua de catalogación cat
Centro transcriptor CDMR
100 1# - PUNTO DE ACCESO PRINCIPAL-NOMBRE DE PERSONA
Nombre de persona Stewart, Daniel
9 (RLIN) 2368
245 10 - MENCIÓN DE TÍTULO
Título Psicología de la comunicación
Resto del título : teoría y análisis
Mención de responsabilidad, etc. Daniel K. Stewart
260 ## - PUBLICACIÓN, DISTRIBUCIÓN, ETC. (PIE DE IMPRENTA)
Lugar de publicación, distribución, etc. Buenos Aires
Fecha de publicación, distribución, etc. 1970
Nombre del editor, distribuidor, etc. Paidós
300 ## - DESCRIPCIÓN FÍSICA
Extensión 242 p.
490 0# - MENCIÓN DE SERIE
Mención de serie Biblioteca del Hombre Contemporáneo
Designación de volumen o secuencia 219
650 04 - PUNTO DE ACCESO ADICIONAL DE MATERIA - TÉRMINO DE MATERIA
9 (RLIN) 2367
Término de materia o nombre geográfico como elemento inicial Comunicació
Subdivisión de materia general Aspectes psicològics
650 04 - PUNTO DE ACCESO ADICIONAL DE MATERIA - TÉRMINO DE MATERIA
9 (RLIN) 4376
Término de materia o nombre geográfico como elemento inicial Símbols
942 ## - ENTRADA DE ELEMENTOS AGREGADOS (KOHA)
Koha [por defecto] tipo de item Monografies
Fuente de clasificaión o esquema
Fons
Suprimido Perdido Estropeado No para préstamo Localización permanente Localización actual Fecha adquisición Préstamos totales Signatura completa Código de barras Fecha última consulta Fecha del precio de reemplazo Tipo de item de Koha
        Centre de Documentació Montserrat Roig Centre de Documentació Montserrat Roig 2013-01-16   Cc 4/24 CDMR1312613363 2013-01-16 2013-01-16 Monografies

Implantat amb Koha